00880nam a2200217 a 4500001001000000003000500010005001700015008004100032010001100073011001100084040000900095100003500104245017400139260004100313500006000354502007900414650003300493650003800526650002800564856007000592000112296CHAP20220329144255.0160229s2016 mx a fsm |||||||spa d a108757 a109729 cCHAP00aVargas del Angel, Miguel Angel10aPerspectivas para la red de valor mexicana de carne bovina, a partir del análisis de los modelos de negocio globales/h[En línea]cpor Miguel Angel Vargas del Angel. aChapingo, Méx. :bEl autor,c2016. aPara ver el contenido del material haga clic en la liga aTesis (Ph. D. en Problemas Económico Agroindustriales) -- UACH. CIESTAAM14aCarne de resxExportación.14aCarne de resxMercadeoxMéxico.14aComercio internacional. aFinding aiduhttp://10.13.5.2/tesis/sist112296.pdfzTeclea aquí